| 000 | 00546nam a22002057a 4500 | ||
|---|---|---|---|
| 005 | 20180109152358.0 | ||
| 008 | 180109b xxu||||| |||| 00| 0 eng d | ||
| 020 |
_a8182060036 _c₹ 200 |
||
| 040 | _aLoreto College | ||
| 041 | _aEnglish | ||
| 082 |
_a305.4 _bMAZ |
||
| 100 | _aMazumdar, Rinitaa | ||
| 245 |
_aUnderstanding gender _cRinita Mazumdar and Simone Brackett |
||
| 260 |
_aKolkata _bTowards freedom _c2004 |
||
| 300 |
_a123 p. _b22 cm. |
||
| 650 | _aSex role | ||
| 700 |
_4Auth _aBrackett, Simone |
||
| 850 | _aLCBED | ||
| 942 | _cBK | ||
| 999 |
_c41379 _d91858 |
||